| 000 | 00794cam a2200145 4500500 | ||
|---|---|---|---|
| 005 | 20260208010539.0 | ||
| 041 | _afre | ||
| 042 | _adc | ||
| 100 | 1 | 0 |
_aBalansard, Anne _eauthor |
| 245 | 0 | 0 | _aMonique Dixsaut et Aldo Brancacci (éd.), Platon, source des Présocratiques. Exploration, (Appendice : Mentions dans les dialogues des noms des Présocratiques étudiés dans ce volume, Bibliographie par Luc Brisson avec le concours de Benoît Castelnérac, Table des abréviations, Index des auteurs cités), Paris, Vrin, 2002, 239 p. |
| 260 | _c2005. | ||
| 500 | _a21 | ||
| 786 | 0 | _nRevue philosophique de la France et de l'étranger | 130 | 1 | 2005-03-01 | p. 77za-130za | 0035-3833 | |
| 856 | 4 | 1 | _uhttps://shs.cairn.info/revue-philosophique-2005-1-page-77za?lang=fr&redirect-ssocas=7080 |
| 999 |
_c1657066 _d1657066 |
||